Sources of meaning in motion pictures and television /

Bibliographic Details
Main Author: Pryluck, Calvin
Format: Book
Language:English
Published: New York : Arno Press, 1976
Series:Dissertations on film series.
Arno Press cinema program.
Subjects:

MARC

Tag First Indicator Second Indicator Subfields
LEADER 00000pam a2200000 i 4500
001 in00000601521
005 20151014161210.0
008 750826c19761973nyu b 00010 eng
010 |a  75021434  
020 |a 0405075359 
035 |a (OCoLC)01622142 
035 |9 ACS0508AM 
040 |a DLC  |c DLC  |d TXA  |d UtOrBLW 
049 |a TXAM  |c [1533299] 
050 0 0 |a PN1995  |b .P78 1976 
082 0 |a 791.43/01 
100 1 |a Pryluck, Calvin. 
245 1 0 |a Sources of meaning in motion pictures and television /  |c Calvin Pryluck. 
264 1 |a New York :  |b Arno Press,  |c 1976 
264 4 |c ©1973 
300 |a 241 pages ;  |c 24 cm. 
336 |a text  |b txt  |2 rdacontent 
337 |a unmediated  |b n  |2 rdamedia 
338 |a volume  |b nc  |2 rdacarrier 
490 1 |a The Arno Press cinema program 
490 1 |a Dissertations on film 
500 |a Originally presented as the author's thesis, University of Iowa, 1973. 
504 |a Bibliography: pages 231-241. 
650 0 |a Motion pictures  |x Philosophy. 
650 0 |a Semiotics. 
830 0 |a Dissertations on film series. 
830 0 |a Arno Press cinema program. 
999 |a MARS 
999 f f |s bee35ca8-ad69-3730-a5e5-affde0652bd5  |i fce3a2c8-4dce-36ce-90f6-915e8fac1b33  |t 0 
952 f f |p normal  |a Texas A&M University  |b College Station  |c Sterling C. Evans Library  |d Evans: Library Stacks  |t 0  |e PN1995 .P78 1976  |h Library of Congress classification  |i unmediated -- volume  |m A14803688511 
998 f f |a PN1995 .P78 1976  |t 0  |l Evans: Library Stacks